Cargando…

Until Antietam : The Life and Letters of Major General Israel B. Richardson, U.S. Army /

Detalles Bibliográficos
Clasificación:Libro Electrónico
Autor principal: Mason, Jack C.
Formato: Electrónico eBook
Idioma:Inglés
Publicado: Carbondale : Southern Illinois University Press, 2009.
Colección:Book collections on Project MUSE.
Temas:
Acceso en línea:Texto completo

MARC

LEADER 00000cam a22000004a 4500
001 musev2_4167
003 MdBmJHUP
005 20230905040519.0
006 m o d
007 cr||||||||nn|n
008 090311s2009 ilu o 00 0 eng d
010 |z  2009010532 
020 |a 9780809386871 
020 |z 9780809336111 
020 |z 9780809329472 
035 |a (OCoLC)613205861 
040 |a MdBmJHUP  |c MdBmJHUP 
043 |a n-us---  |a n-mx--- 
050 0 4 |a E467.1.R54  |b M37 2009 
082 0 |a 973.7092  |a B  |2 22 
100 1 |a Mason, Jack C. 
245 1 0 |a Until Antietam :   |b The Life and Letters of Major General Israel B. Richardson, U.S. Army /   |c Jack C. Mason. 
264 1 |a Carbondale :  |b Southern Illinois University Press,  |c 2009. 
264 3 |a Baltimore, Md. :  |b Project MUSE,   |c 2012 
264 4 |c ©2009. 
300 |a 1 online resource (256 pages):   |b ill., plans ; 
336 |a text  |b txt  |2 rdacontent 
337 |a computer  |b c  |2 rdamedia 
338 |a online resource  |b cr  |2 rdacarrier 
504 |a Includes bibliographical references and index. 
588 |a Description based on print version record. 
600 1 0 |a Richardson, Israel Bush,  |d 1815-1862. 
610 1 0 |a United States.  |b Army of the Potomac  |x Officers  |v Biography. 
610 1 0 |a United States.  |b Army  |x Officers  |v Biography. 
651 0 |a United States  |x History  |y Civil War, 1861-1865  |v Biography. 
651 0 |a United States  |x History  |y Civil War, 1861-1865  |x Campaigns. 
650 0 |a Generals  |z United States  |v Biography. 
650 0 |a Mexican War, 1846-1848  |v Biography. 
650 0 |a Mexican War, 1846-1848  |x Campaigns. 
655 7 |a Electronic books.   |2 local 
710 2 |a Project Muse.  |e distributor 
830 0 |a Book collections on Project MUSE. 
856 4 0 |z Texto completo  |u https://projectmuse.uam.elogim.com/book/4167/ 
945 |a Project MUSE - Custom Collection 
945 |a Project MUSE - Archive Complete Foundation 
945 |a Project MUSE - Archive History Foundation